[Event "NZL-ch op 122nd"]
[Site "Auckland"]
[Date "2015.01.03"]
[Round "3"]
[White "Cilia Vincenti, David"]
[Black "Williams, Doug"]
[Result "1-0"]
[WhiteElo "2106"]
[BlackElo "1754"]
[PlyCount "107"]
[EventDate "2015.01.01"]
[EventType "swiss"]
[EventRounds "9"]
[EventCountry "NZL"]
[SourceTitle "CBM 164 Extra"]
[Source "ChessBase"]
[SourceDate "2015.03.02"]
[SourceVersion "1"]
[SourceVersionDate "2015.03.02"]
[SourceQuality "1"]

1. d4 d5 2. c4 Nc6 3. Nc3 Nf6 4. Nf3 dxc4 5. Bg5 h6 6. Bxf6 exf6 7. e3 Bg4 8. Bxc4 Qd7 9. Bb5 a6 10. Qa4 Bb4 11. Bxc6 Bxc3+ 12. bxc3 bxc6 13. 0-0 0-0 14. Nd2 Be2 15. Rfe1 Bb5 16. Qa5 c5 17. c4 Bc6 18. Qxc5 Rfb8 19. Rab1 Ba4 20. Rb4 Bc2 21. Rc1 Rxb4 22. Qxb4 Bg6 23. Qb7 Qc8 24. Qxc8+ Rxc8 25. Rc3 Rb8 26. Rb3 Rb6 27. c5 Rxb3 28. axb3 Kf8 29. f3 f5 30. Kf2 f6 31. Kg3 Bf7 32. b4 Ke7 33. Kf4 Kd7 34. Nb1 Be6 35. e4 g5+ 36. Ke3 f4+ 37. Kd3 h5 38. d5 Bf7 39. g3 fxg3 40. hxg3 h4 41. gxh4 gxh4 42. Ke3 f5 43. Kf4 fxe4 44. fxe4 Bh5 45. Nd2 h3 46. Kg3 Bg4 47. Nf3 h2 48. Nxh2 Be2 49. Nf3 Ke7 50. Kf4 Bc4 51. Ke5 Bb3 52. Nd4 Ba4 53. c6 Bd1 54. Ne6 1-0